La ciudad de los 5 sentidos (Registro nro. 306989)

Detalles MARC
000 -ENCABEZADO
Número de control [NR] 00936 a2200229 4500
005 - FECHA Y HORA DE LA ÚLTIMA TRANSACCIÓN
control field 20170828154227.0
008 - DE LONGITUD FIJA DE DATOS DE ELEMENTOS - INFORMACIÓN GENERAL
Elementos de longitud fija [NR] 170731s2017 ck o|||| |||| 00| 0 spa d
020 ## - NUMERO INTERNACIONAL NORMALIZADO PARA LIBROS [R]
Número Internacional Normalizado del libro [NR] 9789587632279
040 ## - FUENTE DE CATALOGACION [NR]
Agencia de catalogación original [NR] CO-BoUCM
Idioma de catalogación [NR] spa
Quien Cataloga Ponce Valencia (modificó)
Quien Clasifica Saul Niño
041 0# - CODIGO DE IDIOMA [R]
Código de idioma para texto/pista de sonido o título separado [R] Español
100 1# - ASIENTO PRINCIPAL--NOMBRE PERSONAL [NR]
Nombre personal [NR] Sepúlveda Vergara, Renson Said
ID Autoridad 86670
245 13 - MENCION DE TITULO [NR]
Título [NR] La ciudad de los 5 sentidos
Mención de responsabilidad, etc. [NR] Renson Said Sepúlveda Vergara ; fotografía de Juan Carvajal Franklin
246 ## - FORMA VARIANTE DEL TITULO [R]
Título propiamente dicho/forma breve del título [NR] La ciudad de los cinco sentidos
260 ## - PUBLICACION, DISTRIBUCION, ETC. (PIE DE IMPRENTA) [R]
Lugar de publicación, distribución, etc. [R] Bogotá (Colombia)
Nombre del editor, distribuidor, etc. [R] Corporación Universitaria Minuto de Dios
Fecha de publicación, distribución, etc. [R] 2017
300 ## - DESCRIPCION FISICA [R]
Extensión [R] 129 páginas
Otros detalles físicos [NR] fotografías
650 #7 - ASIENTO SECUNDARIO DE MATERIA - TERMINO TEMATICO [R]
9 (RLIN) 7695
Término temático o nombre geográfico como elemento de entrada [NR] Historia
Subdivisión general [R] Anécdotas, Chistes, Sátiras, etc.
651 ## - ASIENTO SECUNDARIO DE MATERIA - NOMBRE GEOGRAFICO [R]
Nombre geográfico [NR] Cúcuta
Subdivisión general [R] Historia
9 (RLIN) 86671
651 ## - ASIENTO SECUNDARIO DE MATERIA - NOMBRE GEOGRAFICO [R]
Nombre geográfico [NR] Cúcuta
Subdivisión general [R] Vida social y costumbres
9 (RLIN) 86672
700 1# - ASIENTO SECUNDARIO - NOMBRE PERSONAL [R]
Nombre personal [NR] Carvajal Franklin, Juan
Término de relación [R] fotografías
9 (RLIN) 86673
942 ## - ELEMENTOS DE ENTRADA AGREGADOS (KOHA)
Tipo de ítem principal el descrito en 300a Libro
Sistema de clasificación DEWEY
Tema principal Geografía
Edición 1
Clasificación 918.6124
Parte restante de la signatura top. S479c
Existencias
Total préstamos Signatura topográfica Código de barras Última vez visto Ejemplar Costo de reposición Price effective from Tipo de ítem Perdido Sistema de clasificación Dañado No prestable Tipo de ítem específico Suprimido Ubicación habitual Ubicación actual Localización Fecha de creación Proveedor Forma de adquisición Costo
  918.6124 S479c 100153708 09/12/2025 Ej.1 26000.00 21/07/2017 Libro   DEWEY     Libro   Claustro Claustro 2do piso 21/07/2017 12 Donación 0.00